| 000 | 01258cam a22003251 4500 | ||
|---|---|---|---|
| 001 | 17461 | ||
| 003 | BD-RjUL | ||
| 005 | 20211209000138.0 | ||
| 008 | 140217t1941 ncu b 001 0 eng | ||
| 035 | _a(BD-RjUL)17519 | ||
| 035 | _a(OCoLC)326181 | ||
| 040 |
_aDLC _cODaWU _dOCoLC _dDLC _dBD-RjUL _beng |
||
| 041 | _aeng | ||
| 082 | 0 | 0 |
_a801 _bLIT 1941 |
| 245 | 0 | 0 |
_aLiterary scholarship : _bits aims and methods / _cby Norman Foerster [and others] ... |
| 260 |
_aChapel Hill : _bThe University of North Carolina Press, _cc1941. |
||
| 300 |
_aix p., 2 l., [3]-269 p. ; _c22 cm. |
||
| 504 | _aincludes index. | ||
| 505 | 0 | _aThe study of letters, by Norman Foerster.--Language, by J.C. McGalliard.--Literary history, by René Wellek.--Literary criticism, by Austin Warren.--Imaginative writing, by W.L. Schramm.--Notes.--Bibliography (p. 239-255) | |
| 650 | 0 |
_aLiterature _xPhilosophy. _953804 |
|
| 650 | 0 |
_aPhilology _xStudy and teaching. _953805 |
|
| 700 | 1 |
_aFoerster, Norman, _d1887-1972. _953806 |
|
| 700 | 1 |
_aMcGalliard, John Calvin. _953807 |
|
| 700 | 1 |
_aWellek, René. _953808 |
|
| 700 | 1 |
_aWarren, Austin, _d1899-1986. _953809 |
|
| 700 | 1 |
_aSchramm, Wilbur, _d1907-1987. _953810 |
|
| 942 |
_2ddc _cBK |
||
| 999 |
_c17461 _d17461 |
||